Gran Colombian cities in Civilization 6 Map Quiz - Statistics

General Stats
  • This quiz has been taken 9 times
  • The average score is 13 of 40
Answers on the Map
Answers color-coded by a green-red scale on the quiz's map according to % correct below.
 
Answer Stats
Answer % Correct
Bogotá
100%
Caracas
100%
Guayaquil
100%
Medellín
100%
Panamá
100%
Quito
100%
Cali
86%
Maracaibo
71%
Cartagena de Indias
57%
Valencia de Carabobo
57%
Angostura
43%
Barquisimeto
43%
Cúcuta
43%
Mérida
43%
Nueva Barcelona
43%
Cuenca
29%
Barinas
14%
Cumaná
14%
La Asunción
14%
Loja
14%
Mompós
14%
Neiva
14%
Pasto
14%
Popayán
14%
Portoviejo
14%
Quibdó
14%
Riohacha
14%
San Fernando de Apure
14%
Santa Fe de Antioquia
14%
Santa Marta
14%
Trujillo
14%
Achaguas
0%
Honda
0%
Ibarra
0%
Mariquita
0%
Nueva Pamplona
0%
Pore
0%
Riobamba
0%
Santiago de Veraguas
0%
Socorro
0%
No matching quizzes found
Score Distribution
Percent of People with Each Score
Percentile by Number Answered
Your Score History
You have not taken this quiz